000 00850nam a2200193 i 4500
001 27913
003 ES-MaACL
005 20240511063017.0
007 t|
008 140701s1892 sp ||||1| spa d
100 1 _aLorenzo d'Ayot, Manuel,
_d-1911
_9125762
245 1 0 _aSu alteza la palabra
_b: poema en prosa /
_coriginal de Manuel Lorenzo d'Ayot.
260 _aMadrid :
_b[s.n.],
_c1892 :
_bImp. del Cuerpo Administrativo del Ejército.
300 _a40 p. ;
_c22 cm.
594 _aPrecede al tít.: "Centro del Ejército y de la Armada. Conferencias. Curso de 1891-92"
710 2 _aCentro del Ejército y de la Armada (Madrid)
_9137469
852 _aES-MaACL
_jT-559-F-1
_z.- Sello de "La Reforma Literaria"
_z.- Ded. ms. del autor al Ateneo de Madrid
_z.- Enc. con otras obras formando un vol. facticio
999 _c27913
_d27913